000 00764nam a22001697a 4500
999 _c57818
_d57818
005 20201221141900.0
008 201221c2020 ge ||||| |||| 00| 0 geo d
022 _a22980954
041 _ageo
245 _aარილი -
_b2020 /
_cრედაქტორი მალხაზ ზარბედია, შადიმან შამანაძე.
300 _a48 გვ.
_b30 სმ.
653 _aსაზოგადოებრივ-ლიტერატურული ჟურნალი
653 _aპერიოდიკა
700 _aზარბედია, მალხაზ
_eრედაქტორი
_99934
700 _aშამანაძე, შადიმან
_eრედაქტორი
_92464
942 _2udc
_cCR